Normal view MARC view

Entry Topical Term

Number of records used in: 1

001 - CONTROL NUMBER

  • control field: 59840

003 - CONTROL NUMBER IDENTIFIER

  • control field: OSt

005 - DATE AND TIME OF LATEST TRANSACTION

  • control field: 20260323151823.0

008 - FIXED-LENGTH DATA ELEMENTS

  • fixed length control field: 260323|| aca||aabn | a|a d

040 ## - CATALOGING SOURCE

  • Original cataloging agency: OSt
  • Transcribing agency: OSt

150 ## - HEADING--TOPICAL TERM

  • Topical term or geographic name entry element: Anaj banks, Community governance, Food security dimensions, Decentralised food systems.

670 ## - SOURCE DATA FOUND

  • Source citation: Work cat.: (OSt): Sharma, Vaishali Singh, Naresh and Sahai, Komal 59839, Evaluating community Anaj banks: Institutional assessment and impact on rural food security in utter Pradesh

Powered by Koha